| 000 | 00523nam a2200169Ia 4500 | ||
|---|---|---|---|
| 008 | 090201s9999 xx 000 0 und d | ||
| 010 | _aKPL-74528 | ||
| 040 | _bमराठी | ||
| 041 | _aमराठी | ||
| 082 |
_a55060 _b74528 |
||
| 100 | _aचिंतामणी लागू | ||
| 245 |
_aचोर चोर _cचिंतामणी लागू |
||
| 260 |
_c2008 _bपारस पब्लिकेशन्स् |
||
| 300 |
_a226 _bलहान |
||
| 600 | _aचोर चोर | ||
| 942 | _cBOOK | ||
| 999 |
_c251348 _d251348 |
||